000
00503nam a2200169Ia 4500
008
090711s9999 xx 000 0 und d
082
_b
8111
100
_a
देशपांडे कुसुमावती
245
_a
दीपमाळ
260
_c
1958
300
_a
5
600
_a
देशपांडे कुसुमावती
630
_a
दीपमाळ
700
_a
देशपांडे कुसुमावती
730
_a
दीपमाळ
942
_c
BOOK
999
_c
306337
_d
306337